header

Drying in the process industry (Record no. 141396)

MARC details
000 -LEADER
fixed length control field 02500nam a2200349 a 4500
082 04 - DEWEY DECIMAL CLASSIFICATION NUMBER
Classification number 660/.28426
100 1# - MAIN ENTRY--AUTHOR NAME
Personal name Land, C. M. van't,
245 10 - TITLE STATEMENT
Title Drying in the process industry
260 ## - PUBLICATION, DISTRIBUTION, ETC. (IMPRINT)
Place of publication Hoboken, N.J. :
Name of publisher Wiley,
Year of publication 2012.
300 ## - PHYSICAL DESCRIPTION
Number of Pages xii, 381 p. :
Other physical details ill.
505 8# - FORMATTED CONTENTS NOTE
Formatted contents note Machine generated contents note: Preface.Acknowledgements.1.Introduction.2. Drying as Part of the Overall Process.3. Procedures for choosing a dryer.4. Convective drying.5. Continuous Fluid-Bed Drying.6. Continuous Direct-Heat Rotary Drying.7. Flash Drying.8. Spray Drying.9. Miscellaneous Continuous Convective Dryers and Convective Batch Dryers.10. Atmospheric contact dryers.11. Vacuum drying.12. Steam Drying.13. Radiation Drying.14. Product Quality and Safeguarding Drying.15. Continuous Moisture-Measurement Methods, Dryer Process Control, and Energy Recovery.16. Gas/Solid Separation Methods.17. Dryer Feeding Equipment.List of symbols.Index.
520 ## - SUMMARY, ETC.
Summary, etc "This book assists the process development engineer, the process engineer, and the plant engineer in selecting drying equipment. The criteria to be observed are discussed. The procedure concerning the selection of an industrial dryer always starts with the gathering of results of relevant laboratory measurements. The next step is carrying out small-scale tests, the results of which can be scaled up. Procedures for sizing equipment are also covered. Written by an author with over four decades in the process industries, this book brings an extensively practical approach for the engineer"--
650 #0 - SUBJECT ADDED ENTRY--TOPICAL TERM
Topical Term Drying.
Topical Term Drying apparatus.
Topical Term Chemical processes.
856 40 - ELECTRONIC LOCATION AND ACCESS
Uniform Resource Identifier http://site.ebrary.com/lib/rucke/Doc?id=10521356
520 ## - SUMMARY, ETC.
-- Provided by publisher.

No items available.

© 2026 Rongo University
Contact us: librarian | system librarian | Rongo university